Tilastot visalle Tunnettuja suomalaisia kirjoja

Klikkaa tästä pelataksesi tätä visaa!

Yleistilastot

  • Tätä visaa on pelattu 374 kertaa
  • Keskiarvotulos 8 / 12

Vastaustilastot

JulkaisuvuosiKirjailijaKirja% Oikein
1870Aleksis KiviSeitsemän veljestä
97%
1954Väinö LinnaTuntematon sotilas
94%
1945Mika WaltariSinuhe egyptiläinen
91%
2008Sofi OksanenPuhdistus
80%
1543Mikael AgricolaABC-kirja
72%
1959Väinö LinnaTäällä Pohjantähden alla
64%
1884Juhani AhoRautatie
59%
1975Arto PaasilinnaJäniksen vuosi
53%
1865Aleksis KiviNummisuutarit
47%
1848J.L. RunebergVänrikki Stoolin tarinat
46%
2002Kari HotakainenJuoksuhaudantie
36%
2006Kjell WestöMissä kuljimme kerran
24%

Tulosjakauma

Persentiili vastausten määrän mukaan

Jokaisen tuloksen saaneiden osuus

Tuloshistoriasi

Et ole pelannut tätä visaa